000 00505nam a2200217Ia 4500
008 170918s9999 xx 000 0 und d
020 _a9780545746168
050 _bS857 2015
100 _aStilton, Geronimo
245 _aI'm a scaredy-mouse! /
245 _cby Geronimo Stilton.
260 _aNew York :
260 _bScholastic,
260 _c2015
300 _a113 pages :
300 _bcolor illustrations ;
300 _c19cm.
300 _eCavemice ;
440 _a7
500 _a720
999 _c344154
_d344154